| 000 | 00418nam a22001457a 4500 | ||
|---|---|---|---|
| 008 | 230502b |||||||| |||| 00| 0 eng d | ||
| 040 |
_aNational Science Library _cNational Science Library |
||
| 080 |
_a54(08)=00 _bK-;1 |
||
| 100 |
_aOmagiu _98028 |
||
| 245 | _aRaluca ripan | ||
| 260 |
_aRomania: _bEditura Academiei Republicll Socialiste, _c1966 |
||
| 300 | _a627p. | ||
| 650 | _aBibliographies | ||
| 942 |
_2udc _cREF |
||
| 999 |
_c25836 _d25836 |
||